कबीर ग्रंथावली / (Record no. 53104)

MARC details
000 -LEADER
fixed length control field 00556nam a2200181Ia 4500
005 - DATE AND TIME OF LATEST TRANSACTION
control field 20260429112239.0
008 - FIXED-LENGTH DATA ELEMENTS--GENERAL INFORMATION
fixed length control field 260429s9999||||xx |||||||||||||| ||und||
020 ## - INTERNATIONAL STANDARD BOOK NUMBER
International Standard Book Number 9788188459926
041 ## - LANGUAGE CODE
Language Hindi
082 ## - DEWEY DECIMAL CLASSIFICATION NUMBER
Classification number 891.43
Item number PAN
100 ## - MAIN ENTRY--PERSONAL NAME
Personal name पांडे, कमला पति
245 #0 - TITLE STATEMENT
Title कबीर ग्रंथावली /
Statement of responsibility, etc कमला पति पांडे
250 ## - EDITION STATEMENT
Edition statement 0
260 ## - PUBLICATION, DISTRIBUTION, ETC. (IMPRINT)
Place of publication, distribution, etc दिल्ली :
Name of publisher, distributor, etc शुभदा प्रकाशन,
Date of publication, distribution, etc 2021.
300 ## - PHYSICAL DESCRIPTION
Extent 806 p.; Hb
650 ## - SUBJECT ADDED ENTRY--TOPICAL TERM
Topical term or geographic name as entry element Hindi Literature
942 ## - ADDED ENTRY ELEMENTS (KOHA)
Koha item type Text Books
Holdings
Withdrawn status Lost status Damaged status Not for loan Collection code Home library Location Shelving location Date of Cataloging Source of acquisition Total Checkouts Full call number Barcode Date last seen Price effective from Koha item type
        Non-fiction CUTN Central Library CUTN Central Library Literature 29/04/2026 Segment Book Distributors, New Delhi - Invoice No. 71458 on 09-02-2026   891.43 PAN 58328 29/04/2026 29/04/2026 Text Books